书目信息 |
| 题名: |
空调设备消声设计
|
|
| 作者: | ;常玉燕 译 ;空调设备噪声研究协会 编 | |
| 分册: | ||
| 出版信息: | 北京 中国建筑工业出版社 1981.3 |
|
| 页数: | 148页 | |
| 开本: | 21cm | |
| 丛书名: | ||
| 单 册: | ||
| 中图分类: | TU112 | |
| 科图分类: | ||
| 主题词: | 建筑学:物理学 | |
| 电子资源: | ||
| ISBN: | ||
| 000 | 00654nam0 2200193 45 | |
| 001 | 0181011544 | |
| 005 | 20060515155034.03 | |
| 010 | @dCNY0.62 | |
| 100 | @a20810111d km y0chiy0120 ea | |
| 101 | 0 | @achi |
| 200 | 1 | @a空调设备消声设计@Akong tiao she bei xiao sheng she ji@f(日)空调设备噪声研究协会编@F(ri)kong diao she bei zao sheng yan jiu xie hui bian@g常玉燕译 |
| 210 | @a北京@c中国建筑工业出版社@d1981.3 | |
| 215 | @a148页@d21cm | |
| 606 | 0 | @a建筑学:物理学 |
| 690 | @aTU112 | |
| 702 | 0 | @a常玉燕@4译 |
| 711 | 0 | @a空调设备噪声研究协会@Akong diao she bei zao sheng yan jiu xie hui@4编 |
| 801 | @aCN@bTSTC@c20060515 | |
| 905 | @dTU112@e4@f3@b63266-68 | |
| 空调设备消声设计/(日)空调设备噪声研究协会编/常玉燕译.-北京:中国建筑工业出版社,1981.3 |
| 148页;21cm |
| ISBN :CNY0.62 |
| ● |
| 相关链接 |
|
|
|
|
正题名:空调设备消声设计
索取号:TU112/4
 
预约/预借
| 序号 | 登录号 | 条形码 | 馆藏地/架位号 | 状态 | 备注 |
| 1 | 0063268 | 001481710 | 密集书库/ [索取号:TU112/4] | 在馆 |